00639nam a2200193Ia 4500008004100000020001400041082001400055100001400069245004900083250000700132260005800139300003700197500001900234600002700253650001500280942000700295952012800302999001500430240925s9999 xx 000 0 und d a878915346 a604.2 FOG aFogiel, M 4aThe Technical Design Graphics Problem Salver aNA aNew York:bResearch and Association Educationc,1982. a187p.bNAfInternational Edition aIncludes Index aElectrical Engineering aTechnology cBK 011040708ELaUITUbUITUd1996-01-22eThomas and Thomasg793.00l0o604.2 FOGpQ0545r2024-09-25 07:12:07w2024-09-25yBK c3044d3044